Word Ladder: Ricky Nelson Quiz Stats

 Plays Quiz Updated Jul 31, 2019

Support Sporcle.
Go Orange.
Score 0/27 Timer 04:00
0 Plays Today
Hint Four Letter Word % Correct
____ Jagger, Rolling Stones lead singerMICK
98.3%
A man or boyMALE
97.4%
5,280 feetMILE
97.3%
Feature shared by horses and lionsMANE
97.3%
A place to swimPOOL
96.2%
♪ Just a Little Too ____♪ MUCH ♪
95.5%
♪ My Bucket's Got a ____ In It ♪♪ HOLE ♪
95%
A large number ofMANY
93.8%
Grasp, carryHOLD
93.5%
Dirt or rubbishMUCK
93.5%
♪ ____ Cow Blues ♪♪ MILK ♪
93%
♪ Hello ____ Lou ♪♪ MARY ♪
92.7%
Bend something over on itselfFOLD
92.1%
SustenanceFOOD
92%
Hint Four Letter Word % Correct
♪ [Rung 16] Little ____♪ FOOL ♪
91.3%
RippedTORE
91.3%
StoreMART
90.2%
Struggling to choose between optionsTORN
90.1%
♪ Fools ____ In ♪♪ RUSH ♪
89.9%
A soft, wet, pulpy massMUSH
89.3%
Large bookTOME
88.1%
♪ Down ____♪ HOME ♪
87.5%
French for deathMORT
84.5%
Having no relevanceMOOT
78.2%
♪ ____ Little [Rung 18] ♪♪ POOR ♪
71.6%
Uncultivated land, to a BritMOOR
68.5%
♪ Lonesome ____♪ TOWN ♪
55.6%

Today's Daily Dose

You're not logged in!

Compare scores with friends on all Sporcle quizzes.
OR
Log In

From the Vault

'FUN' Facts

by BanjoZebra

"F" is for FUN! Wait, we didn't think this chant through.
Remove Ads.
Support Sporcle.
Get the best of Sporcle when you Go Orange. This ad-free experience offers more features, more stats, and more fun while also helping to support Sporcle. Thank you for becoming a member.

Show Comments

Extras

Top Quizzes Today


Score Distribution

Your Account Isn't Verified!

In order to create a playlist on Sporcle, you need to verify the email address you used during registration. Go to your Sporcle Settings to finish the process.

Report this User

Report this user for behavior that violates our Community Guidelines.

Details: